| 000 | 01102nam a22002417a 4500 | ||
|---|---|---|---|
| 999 |
_c11097 _d11097 |
||
| 003 | AR-CdUCM | ||
| 008 | 190402b ||||| |||| 00| 0 spa d | ||
| 040 |
_aMUNICIPALIDAD PROVINCIAL DEL CUSCO _cBIBLIOTECA MUNICIPAL DEL CUSCO |
||
| 082 |
_22ed. _a985.0093 / _bG24 / 1945 |
||
| 100 |
_aGarcilaso de la Vega _918180 |
||
| 245 | _aLos Comentarios Reales de los Incas / | ||
| 260 |
_aLima : _bImpr. Gil, _c1945. |
||
| 300 |
_a5 tomos ; _c21 cm. |
||
| 440 |
_aColección de Historiadores Clásicos del Perú. _n5 _928257 |
||
| 505 | _aContenido: t.5: Los sucesos del visorey Blasco Nuñez Vela -- El licenciado Vaca de Castro va a los Reyes -- Lo que decían en el Perú contra los consultores de las ordenanzas -- Las razones que daban para sus quejas, los agraviados por las ordenanzas -- Reciben al Visorey, la prisión de Vaca de Castro ... | ||
| 650 |
_aPerú _935 |
||
| 650 |
_aHistoria _9136 |
||
| 650 |
_aDescubrimiento y Conquista _92362 |
||
| 650 |
_aÉpoca Prehispánica _92714 |
||
| 700 |
_aUrteaga, Horacio H. (anotaciones y concordancias) _928258 |
||
| 942 |
_2ddc _cLIBROS |
||
| 945 | _aachl | ||